Elementary statistical analysis

-д хадгалсан:
Номзүйн дэлгэрэнгүй
Үндсэн зохиолч: Wilks, S. S (Зохиогч)
Формат: Ном
Хэл сонгох:англи
Хэвлэсэн: Princeton Princeton University Press 1948
Нөхцлүүд:
Шошгууд: Шошго нэмэх
Шошго байхгүй, Энэхүү баримтыг шошголох эхний хүн болох!

MARC

LEADER 00000nam a2200000 a 4500
001 UCP0048
003 CL-VaPUC
008 990128e19480000US |||||||||||||||||eng|d
082 0 4 |a 519.53  |b WIL  |2 21 
100 0 |a Wilks, S. S  |e author  |9 424910 
245 1 0 |a Elementary statistical analysis 
300 |a 284 p 
942 |c BK 
945 |d 19990128 00:00:00  |a crobeson 
260 |a Princeton  |b Princeton University Press  |c 1948 
650 7 |a DISTRIBUCION DE FRECUENCIAS  |2 CL-VaPUC  |9 424911 
650 7 |a DESVIACION ESTANDARD  |2 CL-VaPUC  |9 424912 
650 7 |a DISTRIBUCION BINOMINAL  |2 CL-VaPUC  |9 424913 
650 0 |a Distribución de Poisson  |9 324810 
650 0 |a Distribución normal   |9 424914 
650 7 |a ELEMENTOS DE MUESTREO  |2 CL-VaPUC  |9 424915 
583 |a last modification  |c 20130317 12:15:26  |k Rodrigo Vera 
999 |c 278934  |d 278932 
952 |0 0  |1 0  |4 0  |6 519_530000000000000_WIL_1948  |7 0  |8 A  |9 317756  |a BIBGIM  |b BIBGIM  |d 2019-11-20  |i 1320750  |o 519.53 WIL 1948  |p 1320750  |r 2025-01-15  |w 2019-11-20  |y BK  |k EST